Normal view
MARC view
- OBJECT ORIENTED PROGRAMMING WITH ANSI AND TURBO C ++
Entry Topical Term
001 - CONTROL NUMBER
- control field: 66873
003 - CONTROL NUMBER IDENTIFIER
- control field: NUST
005 - DATE AND TIME OF LATEST TRANSACTION
- control field: 20210628203706.0
008 - FIXED-LENGTH DATA ELEMENTS
- fixed length control field: 210628|| aca||aabn | a|a d
040 ## - CATALOGING SOURCE
- Original cataloging agency: NUST
- Transcribing agency: NUST
150 ## - HEADING--TOPICAL TERM
- Topical term or geographic name entry element: OBJECT ORIENTED PROGRAMMING WITH ANSI AND TURBO C ++
670 ## - SOURCE DATA FOUND
- Source citation: Work cat.: (NUST): Kamthane, Ashok.N 66872, Object oriented programming with ansi and turbo c ++, 2003
